| 000 | 01346nam a2200217Ia 4500 | ||
|---|---|---|---|
| 003 | Ost | ||
| 005 | 20260507075026.0 | ||
| 008 | 260507s9999||||xx |||||||||||||| ||und|| | ||
| 040 | _cfsecg | ||
| 041 | _aara | ||
| 082 | _a330 | ||
| 100 |
_aسرحان، سعودي حسن _eمؤلف |
||
| 245 | 0 |
_aنحو نظرية لحماية الغير حسن النية المتعاملين مع الشركات التجارية : _bدراسة تحليلية، تأصيلية، مقارنة / _c سعودي حسن سرحان |
|
| 260 |
_aالقاهرة: _bالمتحدة للطباعة, _c1999 |
||
| 300 |
_a492 صفحة؛ _bإيضاحات ؛ _c24 سم |
||
| 520 | _aالتحليل القانوني لنظرية حماية الغير حسن النية المتعاملين مع الشركة- النظام القانوني لنظرية حماية الغير حسن النية المتعاملين مع الشركة- نشأة نظرية حماية الغير حسن نية المتعاملين مع الشركة- البيان القانوني لنظرية حماية الغير حسن النية المتعاملين مع الشركة- جوهر ومضمون نظرية حماية الغير حسن النية المتعاملين مع الشركة | ||
| 653 | _aالتجارة | ||
| 653 | _aالشركات | ||
| 653 | _aالقانون | ||
| 942 | _cكتاب | ||
| 999 |
_c42331 _d42331 |
||